Urban and regional economics /

Bibliographic Details
Other Authors: Cheshire, P. C., Evans, Alan W.
Format: Book
Language:English
Published: Aldershot, Hants, England ; Brookfield, Vt., USA : E. Elgar Pub., [1991]
Series:Elgar reference collection.
International library of critical writings in economics ; 14.
Subjects:

MARC

Tag First Indicator Second Indicator Subfields
LEADER 00000cam a2200000 a 4500
001 in00001228107
005 20151002094634.0
008 910411s1991 enka 001 0 eng
010 |a  91016965  
015 |a GB91-20378 
019 |a 24716159 
020 |a 1852781815 :  |c £65.00 (est.) 
035 |a (OCoLC)23732306 
035 |9 AGQ7382AM 
040 |a DLC  |c DLC  |d UKM  |d UtOrBLW 
049 |a TXAM 
050 0 0 |a HT321  |b .U275 1991 
082 0 0 |a 330.9173/2  |2 20 
245 0 0 |a Urban and regional economics /  |c edited by Paul C. Cheshire and Alan W. Evans. 
264 1 |a Aldershot, Hants, England ;  |a Brookfield, Vt., USA :  |b E. Elgar Pub.,  |c [1991] 
264 4 |c ©1991 
300 |a xxv, 380 pages :  |b illustrations ;  |c 25 cm. 
336 |a text  |b txt  |2 rdacontent 
337 |a unmediated  |b n  |2 rdamedia 
338 |a volume  |b nc  |2 rdacarrier 
490 1 |a An Elgar reference collection 
490 1 |a The International library of critical writings in economics ;  |v 14 
504 |a Includes bibliographical references and index. 
650 0 |a Urban economics. 
650 0 |a Regional economics. 
653 |a Regional economics 
700 1 |a Cheshire, P. C. 
700 1 |a Evans, Alan W. 
830 0 |a Elgar reference collection. 
830 0 |a International library of critical writings in economics ;  |v 14. 
999 |a MARS 
999 f f |s 0ec90d25-7b5c-3bb1-b970-fefd6bc0b20b  |i ea368300-c0cb-34d6-9f08-00b9c9481abe  |t 0 
952 f f |p ric  |a Texas A&M University  |b Rellis Campus  |c Joint Library Facility  |d Remote Storage  |t 0  |e HT321 .U275 1991  |h Library of Congress classification  |i unmediated -- volume  |m A14819012752 
998 f f |a HT321 .U275 1991  |t 0  |l Remote Storage